000 00872nam a2200253 i 4500
001 55085
003 ES-MaACL
005 20240512063035.0
007 t|
008 030912s1886 sp ||||1| spa d
040 _cES-MaACL
080 _a346
100 1 _aDelgado y Martín, Eleuterio,
_d1852-1908
_943468
_eaut
245 1 0 _aApuntes de derecho económico del Estado /
_cEleuterio Delgado y Martín.
260 _aMadrid :
_bTip. de Manuel G. Hernández,
_c1886.
300 _aXII, 324 páginas ;
_c23 cm.
530 _aDisponible en formato digital
650 7 _aDerecho administrativo económico
_2embne
_911647
852 _aES-MaACL
_cDEPO2
_jF-4971
856 4 _uhttp://hdl.handle.net/11169/21228
_yVersión en línea
_z(Biblioteca Digital Floridablanca)
942 _cMONANT
_n0
999 _c55085
_d55085